000 nam a22 7a 4500
999 _c10609
_d10609
008 180920b xxu||||| |||| 00| 0 eng d
022 _aTOEM3602)
_bASSOCIATE DEGREE EXAMINATION
_c HOSPITALITY AND TOURISM MANAGEMENT
_dONE/ TWO
245 _aARTISTE MANAGEMENT EXAMINATION SUMMER 2008
_cCCCJ
260 _aKINGSTON JAMAICA
_bCCCJ
_c2008
856 _uhttp://wplrc.ecc.edu.jm/cgi-bin/koha/opac-retrieve-file.pl?id=d1c84562db77b1f3b6c125fb76292740
942 _cPP